Sportarten mit "S" - Statistiken

Allgemein
  • Dieses Quiz wurde 76 mal gespielt
  • Das Durchschnittsergebnis liegt bei 14 aus 95
Antwortstatistiken
Art Sportart % Korrekt
Denksport & Figuren Schach
87%
Bootsport Segeln
70%
Geschwindigkeit & Wasser Schwimmen
65%
Denksport & Karten Skat
57%
Präzision & Schießen Schießen
56%
Leichtathletik Springen
52%
Brettsport Surfen
52%
Sprung Skispringen
51%
Leichtathletik Sprint
51%
Geschwindigkeit Slalom
49%
Brettsport & Schnee Snowboarding
46%
Rückschlagspiel Squash
44%
Geschwindigkeit & Schnee Skifahren
43%
Geschwindigkeit & Schnee Skilanglauf
41%
Leichtathletik Speerwerfen
41%
Denksport & Zahlen Sudoku
40%
Leichtathletik Stabhochsprung
38%
Fliegen Segelfliegen
37%
Schlagballspiel Schlagball
35%
Brettsport & Akrobatik Skateboarding
35%
Schlitten Skeleton
35%
Turnen & Sprung Seilspringen
29%
Pferdesport Springreiten
29%
Geschwindigkeit & Schnee Ski Alpin
27%
Kampfsport Sumo
27%
Leichtathletik Staffellauf
24%
Schlagballspiel Softball
19%
Tauchen Schnorcheln
17%
Denksport & Buchstaben Scrabble
16%
Turnen & Tanz Synchronschwimmen
16%
Tanzen Standardtanz
14%
Geschwindigkeit & Schnee Super-G
14%
Akrobatik Slackline
11%
Klettern Speedklettern
11%
Kampf, Tier & Jagd Stierkampf
11%
Klettern Seilklettern
10%
Präzisionssport Snooker
10%
Präzisionssport Soccergolf
8%
Geschwindigkeit Strandsegeln
8%
Geschwindigkeit Shorttrack
6%
Motorsport Sandbahnrennen
5%
Mehrkampfsport Schachboxen
5%
Denksport & Karten Schafkopf
5%
Schlitten Skijöring
5%
Rodeln Skirodeln
5%
Torspiel Schleuderball
3%
Kampfsport Schwingen
3%
Rückschlagspiel Sitzvolleyball
3%
Rückschlagspiel Speckbrett
3%
Geschicklichkeit Sport Stacking
3%
Motorsport Sportwagenrennen
3%
Tanzen Square Dance
3%
Werfen Steinwerfen
3%
Radsport Straßenradrennen
3%
Brettsport Sandboarding
2%
Kampfsport Savate
2%
Klettern Schwierigkeitsklettern
2%
Torspiel Scoutball
2%
Mehrkampfsport & Boote Seesport
2%
Torspiel Segwaypolo
2%
Rückschlag & Akrobatik Sepak Takraw
2%
Torspiel Shinty
2%
Denksport Shōgi
2%
Präzisionssport Shuffleboard
2%
Rückschlagspiel Sitzball
2%
Torspiel Sitzfußball
2%
Brettsport & Natur Skibergsteigen
2%
Torspiel Slamball
2%
Torspiel Sledge-Eishockey
2%
Rückschlagspiel Smashball
2%
Drachen & Brettsport Snowkiting
2%
Fliegen Speed Flying
2%
Geschwindigkeit Speedski
2%
Klettern & Natur Sportklettern
2%
Geschwindigkeit Stadionlauf
2%
Kraft & Werfen Steinstoßen
2%
Präzisionssport Stockschießen
2%
Präzisionssport Stoolball
2%
Torspiel Straßenfußball
2%
Torspiel Streetball
2%
Präzision & Tore Subbuteo
2%
Bootsport Surf Ski
2%
Präzisionssport Swingolf
2%
Tanz & Akrobatik Synchroneiskunstlauf
2%
Kampfsport Shaolin Kempo
0%
Brettsport Skimboarden
0%
Brettsport Skwal
0%
Torspiel Smolball
0%
Rückschlagspiel Speed Badminton
0%
Geschicklichkeit Sportholzfällen
0%
Springen Standhochsprung
0%
Springen Standweitsprung
0%
Brettsport & Boote Stehpaddeln
0%
Torspiel Stockball
0%
Torspiel Streethockey
0%
Keine übereinstimmenden Quizze gefunden
Verteilung der Resultate
Anzahl Personen mit jedem Resultat
Perzentil nach korrekt beantworteten Fragen
Ihre Resultats-Entwicklung
Sie haben dieses Quiz noch nicht gespielt